000 00575nam a2200193Ia 4500
005 20250508152654.0
008 008 250505s9999 xx 000 0 hin d
037 _aTextual
040 _aFEDL
_beng
_cFEDL
041 _ahin
_2hin
084 _aFH, BOS
_qFEDL
100 _aBose Rajashekhar
_9762109
245 0 _aAnandi Bai: Bangla bhasha ke pradhyat lekhak ka katha-sangrah
260 _aAgra, India
_bShivalal Agarwala and Company Private Limited
_c1960
300 _a145p.
365 _aINR
_b20
942 _cTEXL
_hFH, BOS
999 _c1337949
_d1337949